000 00935nam a2200277Ia 4500
005 20210727153200.0
008 141031s9999 ck 000 0 spa d
020 _a9789589827321
100 1 _aBuitrago, Jairo
245 1 0 _aEmiliano
_cJairo Buitrago ; ilustraciones de Rafael Yockteng
250 _a1a edición
_b1a reimpresión
300 _a[28] páginas sin enumerar
_bilustraciones en color
_c20 cm.
650 1 4 _2LEMB
_aÁlbumes infantiles colombianos
650 1 4 _2LEMB
_aLiteratura infantil colombiana
650 1 4 _2LEMB
_aVida urbana
_vÁlbumes
650 1 4 _2LEMB
_aVida cotidiana
_vÁlbumes
650 1 4 _2LEMB
_aImaginación
_vÁlbumes
700 1 _aYockteng, Rafael,
_d1976-
_eilustrador
942 _2loc
_cBKINF
264 _aBogotá
_bBabel
_c2013
336 _atexto
_btxt
_2rdacontent
337 _asin mediación
_bn
_2rdamedia
338 _avolumen
_bnc
_2rdacarrier
040 _aCO-BoRNBP
_bspa
_erda
_cCO-BoRNBP
084 _aA BUI2
999 _c3806
_d3806